| 000 | 00553nam a22001937a 4500 | ||
|---|---|---|---|
| 003 | BD-ChCU | ||
| 005 | 20251111104845.0 | ||
| 008 | 251111b usa ||||| |||| 00| 0 eng d | ||
| 020 | _a9780195330113 | ||
| 040 | _cBD-ChCU | ||
| 082 | _a363.2068 R638p | ||
| 100 |
_aRoberg, Roy _915928 |
||
| 245 |
_aPolice Management / _cRoy Roberg and Jack Kuykendall |
||
| 250 | _a3ed. | ||
| 260 |
_aNew York: _bOxford University Press , _cc2002 |
||
| 300 | _a449p. | ||
| 650 | 0 |
_aPolice Service Management, Police Administration _915930 |
|
| 942 |
_2ddc _cBK _n0 |
||
| 999 |
_c109316 _d109316 |
||